| 000 | 01152nam a2200265 i 4500 | ||
|---|---|---|---|
| 001 | 182662 | ||
| 003 | ES-MaACL | ||
| 005 | 20250825034242.0 | ||
| 008 | 131008s2007 sp | |||| ||spa d | ||
| 020 | _z978-611-5585-9 | ||
| 020 | _a978-84-451-2981-4 | ||
| 080 | _a929(460)"19":32(089.3) | ||
| 080 | _a32(460)"1975/82"(089.3) | ||
| 100 | 1 |
_aCerecedo, Francisco. _937483 |
|
| 245 | 1 | 0 |
_aFiguras de la fiesta nacional : _bperfiles taurinos de los protagonistas de la Transición / _cFrancisco Cerecedo. |
| 260 |
_a[Madrid] : _bAsociación de Periodistas Europeos : _bConsejería de Cultura y Deportes de la Comunidad de Madrid, _c[2007] |
||
| 300 |
_a137 p. : _bil. ; _c21 cm. |
||
| 650 | 4 |
_aPolíticos- _zEspaña- _vObras satíricas y humorísticas. _9152267 |
|
| 651 | 4 |
_aEspaña- _xHistoria- _y1975-1982, Transición- _vObras satíricas y humorísticas. _9174189 |
|
| 710 | 2 |
_aAsociación de Periodistas Europeos _91622 |
|
| 852 | 4 |
_aES-MaACL _jA-12804 _9189579 _bR.149013 _cDEPO1 _dOlim: N-5804 _xDonación: José Luis Abellán |
|
| 903 |
_aAbellán, José Luis, _d1933-2023 _ednr _q1 _9176509 |
||
| 942 |
_2udc _cMONOGRAFIA |
||
| 999 |
_c182662 _d182662 |
||